Die größten österreichische Ballungsräume - Statistiken

Allgemein
  • Dieses Quiz wurde 135 mal gespielt
  • Das Durchschnittsergebnis liegt bei 12 aus 20
Antwortstatistiken
Nr Einwohner Ballungsraum % Korrekt
1 2.388.969 Wien
100%
4 325.773 Salzburg
97%
2 466.804 Graz
95%
5 265.860 Innsbruck
94%
3 451.381 Linz
94%
6 169.795 Bregenz
79%
7 150.742 Klagenfurt
79%
12 89.007 St. Pölten
74%
11 98.649 Villach
63%
13 81.430 Wiener Neustadt
60%
8 124.903 Wels
56%
9 112.250 Feldkirch
44%
14 74.643 Steyr
44%
18 47.174 Amstetten
38%
19 46.572 Krems an der Donau
37%
10 103.740 Leoben
37%
20 38.862 Wolfsberg
23%
17 48.152 Gmunden
19%
15 63.377 Vöcklabruck
11%
16 61.682 Knittelfeld
8%
Keine übereinstimmenden Quizze gefunden
Verteilung der Resultate
Anzahl Personen mit jedem Resultat
Perzentil nach korrekt beantworteten Fragen
Ihre Resultats-Entwicklung
Sie haben dieses Quiz noch nicht gespielt